00329 a2200109 4500020001500000082001500015100002600030245006700056260004500123300003100168650002000199 a8173192200 a519.52 MUK aMukhopadhyay, Parimal aSmall Area Estimation in Survey SamplingcParimal Mukhopadhyay aLondon :bNarosa Publishing House,c1998 axi, 230p. :bill. ;c21 cm aSurvey Sampling